00998cam a22002655a 4500001000800000005001700008008004100025020001500066020001800081040003300099082002100132100001900153245008800172260004800260300003400308504005100342650007800393650006400471651001000535653003000545700002100575942000800596999001700604952011100621199952220180104105655.0900920s1991 nyua frb 001 0 eng d a0442003129 a9780442003128 aDLCcDLCdDLCdEG-ScBUEbeng04a621.395222bHUB1 aHuber, John P.10aSuccessful ASIC design the first time through /cJohn P. Huber and Mark W. Rosneck. aNew York :bVan Nostrand Reinhold,cc.1991. axvi, 200 p. :bill. ;c24 cm. aIncludes bibliographical references and index. 7aApplication specific integrated circuitsxDesign and construction.2BUEsh 7aVHDL (Computer hardware description language)2BUEsh934515 2BUEsh bGGENbCOMSCIcJanuary20181 aRosneck, Mark W. 2ddc c25852d25824 00102ddc4070aMAINbMAINc1STd2018-01-04ePurchasel0o621.395 HUBp000047084r2025-07-15 00:00:00yBB